Una niña hecha de libros.
Na minha lista:
| Autor principal: | |
|---|---|
| Outros Autores: | , , |
| Formato: | Desconhecido |
| Publicado em: |
Ciudad de México, México:
Fondo de Cultura Económica,
2017.
|
| Edição: | Primera edición en español. |
| coleção: | Los Especiales de A la orilla del viento.
|
| Assuntos: | |
| Tags: |
Adicionar Tag
Sem tags, seja o primeiro a adicionar uma tag!
|
MARC
| LEADER | 00000 a2200000 4500 | ||
|---|---|---|---|
| 003 | CL-VaPUC | ||
| 005 | 20230616090653.0 | ||
| 008 | 230609t2017 ||||| |||| 00| 0 eng d | ||
| 999 | |c 441123 |d 441121 | ||
| 020 | |a 978-607-16-4746-7 | ||
| 040 | |c Pontificia Universidad Católica de Valparaíso | ||
| 082 | |a 808.068 JEF 2017 | ||
| 100 | |a Jeffers, Oliver |e autor |9 882902 | ||
| 245 | |a Una niña hecha de libros. | ||
| 250 | |a Primera edición en español. | ||
| 260 | |a Ciudad de México, México: |b Fondo de Cultura Económica, |c 2017. | ||
| 300 | |a [40] páginas: |b ilustraciones. | ||
| 490 | |a Los Especiales de A la orilla del viento. | ||
| 583 | |k GC |c 20230609 | ||
| 650 | 0 | |a Literatura infantil |9 307465 | |
| 700 | |a Winston, Sam |e autor |9 882961 | ||
| 700 | |a Arenas, Andrea |e traducción |9 882962 | ||
| 700 | |a Figueroa León, Susana |e traducción |9 882963 | ||
| 942 | |2 ddc |c BK | ||
| 952 | |0 0 |1 0 |2 ddc |4 0 |6 808_068000000000000_JEF_2017 |7 0 |8 A |9 590432 |a BIBEDU |b BIBEDU |c GEN |d 2023-06-08 |e 3 |g 13038.00 |i 5657728 |l 8 |m 1 |o 808.068 JEF 2017 |p 5657728 |r 2024-05-10 |s 2024-04-30 |t 1 |v 13038.00 |w 2023-06-08 |y BK |k LIT | ||